000 00533nam a2200205Ia 4500
008 230125s9999 xx 000 0 und d
020 _a81-85843-51-1
041 _aeng
082 _a823
_bVIV
100 _aVivekananda S
_9110883
245 _aMy India : The Eternal India
250 _a1st ed
260 _c2008
_bAdvaita ashrama pub
_aKolkata
300 _a240p
500 _aEnglish Literature;Literature
650 _aEnglish Literature
700 _aVivekananda S
_9110883
906 _b3
999 _c88608
_d88608